Kentucky Players in NBA (2019-2020) - Statistics

General Stats
  • This quiz has been taken 544 times
    538 since last reset
  • The average score is 14 of 29
Answer Stats
Team Player PPG % Correct
Phoenix Suns Devin Booker 26.6
99%
Los Angeles Lakers Anthony Davis 25.9
96%
Minnesota Timberwolves Karl-Anthony Towns 24.4
96%
Washington Wizards John Wall 20.7
88%
Sacramento Kings De'Aaron Fox 17.3
86%
Denver Nuggets Jamal Murray 18.2
83%
New York Knicks Julius Randle 21.4
83%
Miami Heat Tyler Herro 14.0
65%
Oklahoma City Thunder Shai Gilgeous-Alexander 10.8
58%
Miami Heat Bam Adebayo 8.9
55%
Los Angeles Lakers DeMarcus Cousins 16.3
51%
Charlotte Hornets Malik Monk 8.9
50%
Milwaukee Bucks Eric Bledsoe 15.9
48%
San Antonio Spurs Keldon Johnson 13.5
48%
Charlotte Hornets PJ Washington 15.2
48%
Los Angeles Lakers Rajon Rondo 9.2
42%
New York Knicks Kevin Knox 12.8
34%
Golden State Warriors Willie Cauley-Stein 11.9
32%
San Antonio Spurs Trey Lyles 8.5
30%
Boston Celtics Enes Kanter 13.7
26%
Oklahoma City Thunder Nerlens Noel 4.9
26%
Oklahoma City Thunder Hamidou Diallo 3.7
24%
Denver Nuggets Jarred Vanderbilt 1.4
22%
Cleveland Cavaliers Brandon Knight 6.8
21%
Charlotte Hornets Michael Kidd-Gilchrist 6.7
21%
Sacramento Kings Wenyen Gabriel 4.2
18%
New Orleans Pelicans Darius Miller 8.2
17%
Oklahoma City Thunder Patrick Patterson 3.6
17%
Portland Trail Blazers Skal Labissière 3.0
16%
No matching quizzes found
Score Distribution
Percent of People with Each Score
Percentile by Number Answered
Your Score History
You have not taken this quiz since the last reset